| 000 | 005490000a22001810004500 | ||
|---|---|---|---|
| 020 | _a950-551-060-8 | ||
| 041 | 0 | _aSPA | |
| 082 | 0 | 4 | _aG 370.9 F8661h |
| 100 | 1 | _aFreire, Paulo (1921-1997) | |
| 245 | 1 | 0 | _aHacia una pedagogía de la pregunta : Conversaciones con Antonio Faúndez / Paulo Freire ; H. David Delgado, Traductor |
| 260 | _aBuenos Aires, Argentina : La Aurora | ||
| 300 | _a190 Pag | ||
| 001 | 9906 | ||
| 942 | _cBK | ||
| 999 |
_c39728 _d39728 |
||
| 336 |
_atexto _btxt _2rdacontent |
||
| 337 |
_2rdamedia _asin mediación _bn |
||
| 338 |
_2rdacarrier _avolumen _bnc |
||